Devinez les sosies pourris - Statistiques

Statistiques générales
  • Ce quiz a été pris 354 fois
    178 depuis la dernière actualisation
  • Le résultat moyen est 10 sur 24
Statistiques - réponses
Par images Réponse % Correct
Gérard Depardieu
90%
Elvis Presley
87%
Johnny Hallyday
82%
Patrick Sébastien
69%
Claude François
67%
Florent Pagny
64%
Serge Gainsbourg
56%
Gad Elmaleh
54%
Eddy Mitchell
49%
Coluche
40%
Francis Cabrel
40%
Charles Aznavour
39%
Joe Dassin
37%
Jacques Dutronc
36%
Jacques Brel
35%
Mike Brant
25%
Benoit Poelvoorde
24%
Dany Brillant
23%
Daniel Balavoine
22%
François Feldman
16%
Murielle Robin
16%
Stéphane Bern
10%
Didier Bourdon
9%
Didier Barbelivien
2%
Aucun quiz correspondant
Distribution des résultats
% des personnes avec chaque résultat
Percentile par nombre de réponses
Votre historique - résultats
Vous n’avez pas pris ce quiz depuis la dernière actualisation